[Event "NB1 Maroczy csoport"]
[Site "Parasznya"]
[Date "2024.11.03"]
[Round "1.10"]
[White "Dancs, Zsolt"]
[Black "Mozsik, Tamas"]
[Result "0-1"]
[WhiteElo "2028"]
[BlackElo "1920"]
[PlyCount "68"]
[EventDate "2024.11.03"]
[EventType "team-tourn"]
[EventRounds "11"]
[EventCountry "HUN"]
[Source "chess.hu"]
[SourceDate "2024.11.04"]
[WhiteTeam "Pitypalatty Sakk SE"]
[BlackTeam "NYESE"]
[WhiteTeamCountry "HUN"]
[BlackTeamCountry "HUN"]

1. e4 c5 2. Nf3 d6 3. d4 cxd4 4. Nxd4 Nf6 5. Nc3 g6 6. Be3 Bg7 7. f3 Bd7 8. Qd2
h6 9. O-O-O Nc6 10. Bc4 a6 11. Kb1 Ne5 12. Bb3 Qc7 13. g4 Rc8 14. h4 Nc4 15.
Bxc4 Qxc4 16. g5 hxg5 17. hxg5 Rxh1 18. Rxh1 Nh5 19. Nd5 Bxd4 20. Bxd4 Be6 21.
b3 Qc6 22. c4 b5 23. Rc1 Bxd5 24. exd5 Qb7 25. cxb5 axb5 26. Kb2 Rxc1 27. Qxc1
Kd7 28. Qc6+ Qxc6 29. dxc6+ Kxc6 30. Kc3 Nf4 31. Kb4 e5 32. Ba7 d5 33. a4 bxa4
34. bxa4 Nd3+ 0-1

[Event "NB1 Maroczy csoport"]
[Site "Parasznya"]
[Date "2024.11.03"]
[Round "1.11"]
[White "Laskai, Gabor"]
[Black "Kacsandi, Lili Fruzsina"]
[Result "1/2-1/2"]
[WhiteElo "1870"]
[BlackElo "1889"]
[PlyCount "47"]
[EventDate "2024.11.03"]
[EventType "team-tourn"]
[EventRounds "11"]
[EventCountry "HUN"]
[Source "chess.hu"]
[SourceDate "2024.11.04"]
[WhiteTeam "NYESE"]
[BlackTeam "Pitypalatty Sakk SE"]
[WhiteTeamCountry "HUN"]
[BlackTeamCountry "HUN"]

1. c4 Nf6 2. d4 g6 3. Nc3 d5 4. Bf4 Bg7 5. e3 O-O 6. Nf3 c5 7. Be2 Nc6 8. O-O
cxd4 9. Nxd4 Nxd4 10. exd4 dxc4 11. Bxc4 e6 12. Be5 Bd7 13. Qe2 Bc6 14. Rfd1
Nd5 15. Bxd5 Bxd5 16. Bxg7 Kxg7 17. Nxd5 Qxd5 18. Qe5+ Qxe5 19. dxe5 Rfd8 20.
Kf1 Kf8 21. Ke2 Ke7 22. Rxd8 Rxd8 23. Rc1 Rd7 24. g3 1/2-1/2

[Event "NB1 Maroczy csoport"]
[Site "Parasznya"]
[Date "2024.11.03"]
[Round "1.12"]
[White "Bende, Eniko Tunde"]
[Black "Szoke, Nora"]
[Result "0-1"]
[WhiteElo "1672"]
[BlackElo "1706"]
[PlyCount "84"]
[EventDate "2024.11.03"]
[EventType "team-tourn"]
[EventRounds "11"]
[EventCountry "HUN"]
[Source "chess.hu"]
[SourceDate "2024.11.04"]
[WhiteTeam "Pitypalatty Sakk SE"]
[BlackTeam "NYESE"]
[WhiteTeamCountry "HUN"]
[BlackTeamCountry "HUN"]

1. e4 e5 2. Nf3 Nc6 3. c3 Nf6 4. d4 exd4 5. e5 Nd5 6. cxd4 Bb4+ 7. Bd2 Bxd2+ 8.
Qxd2 d6 9. exd6 Qxd6 10. Be2 O-O 11. O-O Nf6 12. Nc3 Bg4 13. Rad1 a6 14. h3 Bh5
15. Nh4 Bxe2 16. Qxe2 Rfe8 17. Qd2 Ne4 18. Nf5 Qf6 19. Qf4 Nd6 20. g4 Nxf5 21.
Qxf5 Qxf5 22. gxf5 Rad8 23. d5 Ne7 24. f6 gxf6 25. Ne4 Kg7 26. Nc3 Ng6 27. Rd4
b6 28. f4 Re3 29. Kh2 Nh4 30. Rc4 Nf3+ 31. Kh1 Nd2 32. Rg1+ Kf8 33. Rxc7 Rxh3+
34. Kg2 Rd3 35. Rc6 Ke7 36. Re1+ Kd7 37. Rxb6 Rg8+ 38. Kf2 Rf3+ 39. Ke2 Rg2+
40. Kd1 Nc4 41. Rb7+ Kc8 42. Ree7 Rf1+ 0-1

[Event "NB1 Maroczy csoport"]
[Site "Budapest"]
[Date "2024.11.03"]
[Round "1.1"]
[White "Kun, Gabor"]
[Black "Furedi, Erik"]
[Result "1/2-1/2"]
[WhiteElo "2246"]
[BlackElo "2285"]
[PlyCount "41"]
[EventDate "2024.11.03"]
[EventType "team-tourn"]
[EventRounds "11"]
[EventCountry "HUN"]
[Source "chess.hu"]
[SourceDate "2024.11.04"]
[WhiteTeam "Dr. Hetenyi Geza SK"]
[BlackTeam "Vasas SC"]
[WhiteTeamCountry "HUN"]
[BlackTeamCountry "HUN"]

1. d4 f5 2. Bg5 g6 3. Nd2 Bg7 4. e4 fxe4 5. Nxe4 d5 6. Nc5 b6 7. Nb3 Nf6 8. Nf3
Ne4 9. Be3 O-O 10. Be2 a5 11. Nbd2 Nd6 12. c3 Nc6 13. O-O Nf5 14. Bb5 Bd7 15.
Qe2 Nxe3 16. fxe3 Qe8 17. Kh1 e5 18. dxe5 Nxe5 19. Bxd7 Nxd7 20. e4 dxe4 21.
Nxe4 1/2-1/2

[Event "NB1 Maroczy csoport"]
[Site "Budapest"]
[Date "2024.11.03"]
[Round "1.2"]
[White "Torok, Sandor"]
[Black "Nemeth, Zoltan"]
[Result "1/2-1/2"]
[WhiteElo "2192"]
[BlackElo "2197"]
[PlyCount "120"]
[EventDate "2024.11.03"]
[EventType "team-tourn"]
[EventRounds "11"]
[EventCountry "HUN"]
[Source "chess.hu"]
[SourceDate "2024.11.04"]
[WhiteTeam "Vasas SC"]
[BlackTeam "Dr. Hetenyi Geza SK"]
[WhiteTeamCountry "HUN"]
[BlackTeamCountry "HUN"]

1. e4 e5 2. Nf3 Nf6 3. Nxe5 d6 4. Nf3 Nxe4 5. d4 d5 6. Bd3 Be7 7. O-O Nc6 8. c4
Nb4 9. Be2 dxc4 10. Bxc4 O-O 11. a3 Nd5 12. Re1 Nef6 13. Bg5 c6 14. Nbd2 Be6
15. Rc1 h6 16. Bh4 Nf4 17. Bg3 Bxc4 18. Nxc4 N6h5 19. Qb3 Rb8 20. Ne3 Bf6 21.
Rcd1 Nxg3 22. fxg3 Nd5 23. Nxd5 Qxd5 24. Qxd5 cxd5 25. Rc1 Rbc8 26. Kf2 Rfd8
27. g4 Kf8 28. Ke3 Ke7 29. Kf4+ Kd6 30. Kf5 Rxc1 31. Rxc1 Re8 32. g5 Bxg5 33.
Nxg5 hxg5 34. Rc2 Re4 35. Kxg5 Rxd4 36. Kf5 b5 37. g3 Re4 38. h4 Re5+ 39. Kf4
Re8 40. h5 Re4+ 41. Kf3 b4 42. axb4 Rxb4 43. g4 f6 44. Re2 a5 45. Re8 Rxb2 46.
Ra8 Rb7 47. Rxa5 Ke5 48. Ra3 Re7 49. Ra4 d4 50. Ra5+ Kd6 51. g5 fxg5 52. Rxg5
d3 53. Kf2 Re2+ 54. Kf1 Re3 55. Kf2 d2 56. Rg1 Re5 57. Rd1 Rd5 58. Ke3 Ke5 59.
Rxd2 Rxd2 60. Kxd2 Kf4 1/2-1/2

[Event "NB1 Maroczy csoport"]
[Site "Budapest"]
[Date "2024.11.03"]
[Round "1.3"]
[White "Farkas, Richard"]
[Black "Karacsony, Attila"]
[Result "1-0"]
[WhiteElo "2241"]
[BlackElo "2196"]
[PlyCount "85"]
[EventDate "2024.11.03"]
[EventType "team-tourn"]
[EventRounds "11"]
[EventCountry "HUN"]
[Source "chess.hu"]
[SourceDate "2024.11.04"]
[WhiteTeam "Dr. Hetenyi Geza SK"]
[BlackTeam "Vasas SC"]
[WhiteTeamCountry "HUN"]
[BlackTeamCountry "HUN"]

1. e4 e5 2. Nf3 Nc6 3. Bb5 f5 4. Nc3 fxe4 5. Nxe4 Nf6 6. Qe2 d5 7. Nxf6+ gxf6
8. d4 Bg7 9. dxe5 O-O 10. Bxc6 bxc6 11. e6 Re8 12. O-O c5 13. Qb5 Bf8 14. Bf4
Rxe6 15. Qa5 Bd6 16. Bxd6 Qxd6 17. Rfe1 Bd7 18. c4 d4 19. b3 Qb6 20. Qd2 Rae8
21. Rxe6 Rxe6 22. Ne1 Qd6 23. Nd3 Re4 24. Qa5 Rh4 25. g3 Rh5 26. Qxa7 Bf5 27.
Qa8+ Kg7 28. Qf3 Bg6 29. a4 Rf5 30. Qe2 Bh5 31. Qe4 Bg6 32. Qg4 Qb6 33. a5 Qxb3
34. a6 Qxd3 35. a7 h5 36. Qd1 Qxd1+ 37. Rxd1 Re5 38. a8=Q Bc2 39. Rc1 d3 40.
Qa5 Re2 41. Rxc2 Rxc2 42. Qxc7+ Kh6 43. Qd8 1-0

[Event "NB1 Maroczy csoport"]
[Site "Budapest"]
[Date "2024.11.03"]
[Round "1.4"]
[White "Szabo, Kristof"]
[Black "Dory, Jeno"]
[Result "1/2-1/2"]
[WhiteElo "2119"]
[BlackElo "2154"]
[PlyCount "23"]
[EventDate "2024.11.03"]
[EventType "team-tourn"]
[EventRounds "11"]
[EventCountry "HUN"]
[Source "chess.hu"]
[SourceDate "2024.11.04"]
[WhiteTeam "Vasas SC"]
[BlackTeam "Dr. Hetenyi Geza SK"]
[WhiteTeamCountry "HUN"]
[BlackTeamCountry "HUN"]

1. e4 c5 2. Nf3 g6 3. d4 cxd4 4. Nxd4 Bg7 5. Nc3 Nc6 6. Be3 Nf6 7. Bc4 O-O 8.
Bb3 Qa5 9. f3 d6 10. Qd2 Nxd4 11. Bxd4 Be6 12. O-O 1/2-1/2

[Event "NB1 Maroczy csoport"]
[Site "Budapest"]
[Date "2024.11.03"]
[Round "1.5"]
[White "Seres, Bela"]
[Black "Boguszlavszkij, Jevgenyij"]
[Result "0-1"]
[WhiteElo "2108"]
[BlackElo "2112"]
[PlyCount "80"]
[EventDate "2024.11.03"]
[EventType "team-tourn"]
[EventRounds "11"]
[EventCountry "HUN"]
[Source "chess.hu"]
[SourceDate "2024.11.04"]
[WhiteTeam "Dr. Hetenyi Geza SK"]
[BlackTeam "Vasas SC"]
[WhiteTeamCountry "HUN"]
[BlackTeamCountry "HUN"]

1. e4 c6 2. Nf3 d5 3. Nc3 dxe4 4. Nxe4 Nf6 5. Ng3 h5 6. Bc4 h4 7. Ne5 e6 8. Nf1
Nbd7 9. Nxd7 Bxd7 10. b3 Qc7 11. Bb2 Bc5 12. Qe2 O-O-O 13. O-O-O Qf4 14. f3 Bd4
15. Bxd4 Qxd4 16. c3 Qb6 17. d4 Nd5 18. Kb2 Qc7 19. Ne3 Nf4 20. Qc2 Rh5 21. g3
Ng6 22. Bd3 Ne7 23. g4 Rhh8 24. Nc4 f6 25. Qf2 Kb8 26. f4 Nd5 27. Rhf1 b6 28.
Be4 Bc8 29. h3 Ba6 30. Qf3 b5 31. Ne3 b4 32. c4 Nc3 33. Rd2 Qa5 34. Bb1 c5 35.
Nc2 Rd6 36. f5 cxd4 37. Rxd4 Bb7 38. Qe3 Rxd4 39. Qxd4 Rd8 40. Qg1 Qe5 0-1

[Event "NB1 Maroczy csoport"]
[Site "Budapest"]
[Date "2024.11.03"]
[Round "1.6"]
[White "Horvath, Julia"]
[Black "Toth, Gabor"]
[Result "1/2-1/2"]
[WhiteElo "2102"]
[BlackElo "2135"]
[PlyCount "77"]
[EventDate "2024.11.03"]
[EventType "team-tourn"]
[EventRounds "11"]
[EventCountry "HUN"]
[Source "chess.hu"]
[SourceDate "2024.11.04"]
[WhiteTeam "Vasas SC"]
[BlackTeam "Dr. Hetenyi Geza SK"]
[WhiteTeamCountry "HUN"]
[BlackTeamCountry "HUN"]

1. d4 Nf6 2. c4 g6 3. Nc3 Bg7 4. e4 d6 5. f4 O-O 6. Nf3 Na6 7. Bd3 e5 8. fxe5
dxe5 9. d5 c6 10. O-O cxd5 11. cxd5 Nc5 12. Bc2 Ne8 13. Be3 b6 14. Qd2 Nd6 15.
Bh6 Qe7 16. b4 Na6 17. Bxg7 Kxg7 18. a3 Nc7 19. Bd3 Bd7 20. Qb2 f6 21. Rac1
Rfc8 22. h3 Nce8 23. Ba6 Rc7 24. Qe2 Qd8 25. Kh2 Rb8 26. a4 Bc8 27. Bd3 Bb7 28.
Rc2 Rbc8 29. Rfc1 Qe7 30. Nb5 Rxc2 31. Rxc2 Rxc2 32. Qxc2 Nxb5 33. Bxb5 Nd6 34.
Bc6 Bc8 35. Qe2 Nf7 36. Qb2 Nd6 37. Qe2 Nf7 38. Qb2 Nd6 39. Qe2 1/2-1/2

[Event "NB1 Maroczy csoport"]
[Site "Budapest"]
[Date "2024.11.03"]
[Round "1.7"]
[White "Haszon, Kamilla Sara"]
[Black "Havasi, Janos"]
[Result "1-0"]
[WhiteElo "2007"]
[BlackElo "2006"]
[PlyCount "67"]
[EventDate "2024.11.03"]
[EventType "team-tourn"]
[EventRounds "11"]
[EventCountry "HUN"]
[Source "chess.hu"]
[SourceDate "2024.11.04"]
[WhiteTeam "Dr. Hetenyi Geza SK"]
[BlackTeam "Vasas SC"]
[WhiteTeamCountry "HUN"]
[BlackTeamCountry "HUN"]

1. e4 e6 2. d4 d5 3. Nd2 Nf6 4. e5 Nfd7 5. f4 c5 6. c3 Nc6 7. Ndf3 Qb6 8. Ne2
Be7 9. g3 O-O 10. Bh3 cxd4 11. cxd4 Re8 12. O-O Nf8 13. Nc3 Bb4 14. Be3 Bd7 15.
f5 exf5 16. Nxd5 Qa5 17. Nf4 Rad8 18. a3 Be7 19. b4 Qb5 20. Rf2 Be6 21. Rd2 g5
22. Nxe6 fxe6 23. Nxg5 Bxg5 24. Bxg5 Ne7 25. Qh5 Nfg6 26. Bf6 Rd7 27. Rc1 Nd5
28. Bg5 b6 29. Bf1 Qa4 30. Rdc2 Rf7 31. Bc4 Qd7 32. Qe2 Rb8 33. Bb5 Qb7 34. Bc6
1-0

[Event "NB1 Maroczy csoport"]
[Site "Budapest"]
[Date "2024.11.03"]
[Round "1.8"]
[White "Pesztericz, Laszlo"]
[Black "Gelle, Istvan"]
[Result "1/2-1/2"]
[WhiteElo "2042"]
[BlackElo "2133"]
[PlyCount "77"]
[EventDate "2024.11.03"]
[EventType "team-tourn"]
[EventRounds "11"]
[EventCountry "HUN"]
[Source "chess.hu"]
[SourceDate "2024.11.04"]
[WhiteTeam "Vasas SC"]
[BlackTeam "Dr. Hetenyi Geza SK"]
[WhiteTeamCountry "HUN"]
[BlackTeamCountry "HUN"]

1. e4 c6 2. d4 d5 3. Nc3 dxe4 4. Nxe4 Bf5 5. Ng3 Bg6 6. Nf3 e6 7. Bd3 Nf6 8.
O-O Nbd7 9. Bg5 Be7 10. c4 O-O 11. Bxg6 hxg6 12. Qc2 Re8 13. Rfd1 Qc7 14. Rac1
a5 15. Ne4 a4 16. g3 Qa5 17. c5 Nxe4 18. Qxe4 Nf6 19. Qe2 Red8 20. Ne5 Rd5 21.
Bd2 Qa6 22. Qxa6 Rxa6 23. Bc3 Bd8 24. Nc4 Bc7 25. Re1 g5 26. h3 Ra8 27. b4 Ra6
28. Rb1 b5 29. cxb6 Bxb6 30. Ne3 Rd7 31. b5 cxb5 32. Rxb5 Ne4 33. Ba1 Bxd4 34.
Bxd4 Rxd4 35. Nc2 Rc4 36. Na3 Rd4 37. Nc2 Rc4 38. Na3 Rd4 39. Nc2 1/2-1/2

[Event "NB1 Maroczy csoport"]
[Site "Budapest"]
[Date "2024.11.03"]
[Round "1.9"]
[White "Baranyai, Szabolcs Jr"]
[Black "Harkanyi, Gergely"]
[Result "1/2-1/2"]
[WhiteElo "2131"]
[BlackElo "2049"]
[PlyCount "20"]
[EventDate "2024.11.03"]
[EventType "team-tourn"]
[EventRounds "11"]
[EventCountry "HUN"]
[Source "chess.hu"]
[SourceDate "2024.11.04"]
[WhiteTeam "Dr. Hetenyi Geza SK"]
[BlackTeam "Vasas SC"]
[WhiteTeamCountry "HUN"]
[BlackTeamCountry "HUN"]

1. d4 Nf6 2. c4 g6 3. Nc3 Bg7 4. e4 d6 5. Be2 O-O 6. Bg5 Na6 7. Qd2 e5 8. d5
Qe8 9. f3 Nh5 10. Bd3 f5 1/2-1/2

[Event "NB1 Maroczy csoport"]
[Site "Budapest"]
[Date "2024.11.03"]
[Round "1.10"]
[White "Gyurkovics, Miklos"]
[Black "Kormos, Andras"]
[Result "0-1"]
[WhiteElo "2003"]
[BlackElo "2025"]
[PlyCount "81"]
[EventDate "2024.11.03"]
[EventType "team-tourn"]
[EventRounds "11"]
[EventCountry "HUN"]
[Source "chess.hu"]
[SourceDate "2024.11.04"]
[WhiteTeam "Vasas SC"]
[BlackTeam "Dr. Hetenyi Geza SK"]
[WhiteTeamCountry "HUN"]
[BlackTeamCountry "HUN"]

1. Nf3 g6 2. e4 Bg7 3. d4 d6 4. c4 Nc6 5. d5 Ne5 6. Nxe5 Bxe5 7. Be2 c6 8. O-O
Nf6 9. Nd2 Nd7 10. Rb1 O-O 11. b4 a6 12. Nb3 Qc7 13. Be3 e6 14. Rc1 Re8 15. Qd2
Bg7 16. Rfd1 Bf8 17. f3 b6 18. Bf1 exd5 19. cxd5 c5 20. Qf2 Qd8 21. a3 Bg7 22.
Rc2 Ne5 23. bxc5 bxc5 24. Qd2 Bd7 25. Na5 Ba4 26. Bg5 Qc7 27. Rb2 Reb8 28. Rdb1
Rxb2 29. Rxb2 Rb8 30. Rxb8+ Qxb8 31. Be2 Qb1+ 32. Kf2 Bb5 33. Bxb5 Qxb5 34. Be7
Nd3+ 35. Kg3 Be5+ 36. Kg4 Qd7+ 37. Kh4 Qxe7+ 38. Kh3 Nf4+ 39. Kg3 Qg5+ 40. Kf2
Qxg2+ 41. Ke3 0-1

[Event "NB1 Maroczy csoport"]
[Site "Budapest"]
[Date "2024.11.03"]
[Round "1.11"]
[White "Berkes, Bence"]
[Black "Kozek, Armin"]
[Result "1-0"]
[WhiteElo "1932"]
[BlackElo "1880"]
[PlyCount "91"]
[EventDate "2024.11.03"]
[EventType "team-tourn"]
[EventRounds "11"]
[EventCountry "HUN"]
[Source "chess.hu"]
[SourceDate "2024.11.04"]
[WhiteTeam "Dr. Hetenyi Geza SK"]
[BlackTeam "Vasas SC"]
[WhiteTeamCountry "HUN"]
[BlackTeamCountry "HUN"]

1. e4 d6 2. Bc4 Nf6 3. Nc3 g6 4. Nf3 c6 5. a4 Bg7 6. d3 h6 7. O-O O-O 8. Nh4
Kh7 9. f4 d5 10. Bb3 Na6 11. e5 Ng8 12. d4 c5 13. dxc5 e6 14. Nf3 Nxc5 15. Ba2
Bd7 16. Qd4 Qb6 17. a5 Qc7 18. Be3 Na6 19. Qd2 Rfc8 20. Bb3 Nc5 21. Nd4 a6 22.
Bxd5 exd5 23. Nxd5 Ne4 24. Qd3 Qc5 25. Qxe4 Bc6 26. Nxc6 Qxc6 27. Qf3 Re8 28.
Nb6 Rad8 29. Qxc6 bxc6 30. Rad1 f6 31. Rxd8 Rxd8 32. Nc4 Rd5 33. c3 Ne7 34. Bd4
Nf5 35. exf6 Nxd4 36. fxg7 Ne2+ 37. Kh1 Kxg7 38. g3 Rc5 39. Ne5 Rb5 40. Nd3 Rd5
41. Rf3 Rxa5 42. Kg2 c5 43. Kf2 c4 44. Kxe2 Ra2 45. Ne5 Rxb2+ 46. Ke3 1-0

[Event "NB1 Maroczy csoport"]
[Site "Budapest"]
[Date "2024.11.03"]
[Round "1.12"]
[White "Solti, Balint"]
[Black "Schmied, Erik Rajmund"]
[Result "1/2-1/2"]
[WhiteElo "1780"]
[BlackElo "1781"]
[PlyCount "95"]
[EventDate "2024.11.03"]
[EventType "team-tourn"]
[EventRounds "11"]
[EventCountry "HUN"]
[Source "chess.hu"]
[SourceDate "2024.11.04"]
[WhiteTeam "Vasas SC"]
[BlackTeam "Dr. Hetenyi Geza SK"]
[WhiteTeamCountry "HUN"]
[BlackTeamCountry "HUN"]

1. d4 d5 2. c4 c6 3. Nf3 Nf6 4. Nc3 e6 5. e3 Be7 6. Qc2 O-O 7. Bd3 dxc4 8. Bxc4
b5 9. Bd3 a6 10. O-O Bb7 11. e4 h6 12. a3 Nbd7 13. e5 Ne8 14. Ne4 f5 15. exf6
Ndxf6 16. Nc5 Bxc5 17. dxc5 Nd7 18. b4 Nc7 19. Bb2 Nd5 20. Ne5 Nxe5 21. Bxe5
Qg5 22. Qe2 Rae8 23. g3 Nf4 24. Bxf4 Rxf4 25. Kh1 Qd5+ 26. f3 Rd4 27. Be4 Qd7
28. Rad1 Rd8 29. Rxd4 Qxd4 30. Bxc6 Bxc6 31. Qxe6+ Kh8 32. Qxc6 Qd3 33. Re1 Rf8
34. Qe4 Qxa3 35. f4 a5 36. Qe7 Kg8 37. bxa5 Qxa5 38. c6 Qc3 39. c7 b4 40. Kg1
b3 41. Qe5 Qxe5 42. fxe5 Rc8 43. e6 Kf8 44. Rb1 Rxc7 45. Rxb3 Ke7 46. Rb6 Kf6
47. Kg2 Re7 48. Kf3 1/2-1/2

[Event "NB1 Maroczy csoport"]
[Site "Szeged"]
[Date "2024.11.03"]
[Round "1.1"]
[White "Mester, Gyula"]
[Black "Zakarias, David"]
[Result "1/2-1/2"]
[WhiteElo "2287"]
[BlackElo "2303"]
[PlyCount "137"]
[EventDate "2024.11.03"]
[EventType "team-tourn"]
[EventRounds "11"]
[EventCountry "HUN"]
[Source "chess.hu"]
[SourceDate "2024.11.04"]
[WhiteTeam "DEAC-Debr.Sakkiskola"]
[BlackTeam "Maroczy SE II."]
[WhiteTeamCountry "HUN"]
[BlackTeamCountry "HUN"]

1. d4 Nf6 2. c4 c5 3. d5 b5 4. a4 b4 5. g3 g6 6. b3 Bg7 7. Bb2 O-O 8. Bg2 Bb7
9. e4 e6 10. Ne2 Re8 11. O-O exd5 12. exd5 d6 13. Nf4 Nbd7 14. Nd3 Nh5 15. Ra2
Bxb2 16. Rxb2 Ne5 17. Nxe5 Rxe5 18. f4 Re3 19. Re2 Rxe2 20. Qxe2 Ng7 21. Re1
Qf6 22. Nd2 Re8 23. Ne4 Qe7 24. Bf3 f5 25. Ng5 Qxe2 26. Rxe2 Rxe2 27. Bxe2 h6
28. Nf3 Kf7 29. Bd3 Nh5 30. Kf2 Nf6 31. h3 Ba6 32. Bc2 Nd7 33. g4 fxg4 34. hxg4
Nf8 35. Kg3 Bc8 36. Nd2 Bd7 37. Bd3 Ke7 38. Nf1 Kf6 39. Ne3 Be8 40. g5+ hxg5
41. Ng4+ Ke7 42. fxg5 Nd7 43. Kf4 Bf7 44. Bc2 Be8 45. Nf2 Ne5 46. Ne4 Bf7 47.
Nxc5 Nxc4 48. bxc4 dxc5 49. Ke5 Kd7 50. a5 Ke7 51. Bd1 Kd7 52. Kf6 Be8 53. Ba4+
Kd8 54. Bc2 Kd7 55. Kg7 Ke7 56. a6 Kd7 57. Kf8 Kd8 58. d6 Bd7 59. Bxg6 Be6 60.
Bd3 Kd7 61. g6 Kxd6 62. g7 b3 63. Bg6 b2 64. g8=Q Bxg8 65. Kxg8 Ke5 66. Kf7 Kd4
67. Ke6 Kxc4 68. Kd6 Kb5 69. Kd5 1/2-1/2

[Event "NB1 Maroczy csoport"]
[Site "Szeged"]
[Date "2024.11.03"]
[Round "1.2"]
[White "Csizmadia, Laszlo"]
[Black "Emodi, Barnabas"]
[Result "1/2-1/2"]
[WhiteElo "2305"]
[BlackElo "2326"]
[PlyCount "80"]
[EventDate "2024.11.03"]
[EventType "team-tourn"]
[EventRounds "11"]
[EventCountry "HUN"]
[Source "chess.hu"]
[SourceDate "2024.11.04"]
[WhiteTeam "Maroczy SE II."]
[BlackTeam "DEAC-Debr.Sakkiskola"]
[WhiteTeamCountry "HUN"]
[BlackTeamCountry "HUN"]

1. d4 Nf6 2. c4 e6 3. Nc3 d5 4. Bg5 Be7 5. e3 h6 6. Bh4 Nbd7 7. Rc1 a6 8. Nf3
c6 9. c5 O-O 10. Bd3 Ne8 11. Bg3 f5 12. h3 Nef6 13. b4 Ne4 14. Bxe4 fxe4 15.
Ne5 Nxe5 16. Bxe5 Bf6 17. Bxf6 Qxf6 18. O-O e5 19. f4 exf4 20. Rxf4 Qg5 21.
Rxf8+ Kxf8 22. Qf1+ Ke7 23. Qf4 Qxf4 24. exf4 Bd7 25. a4 Rg8 26. Ne2 g5 27. g4
gxf4 28. Nxf4 Bxg4 29. hxg4 Rxg4+ 30. Ng2 e3 31. Re1 Rxd4 32. Nxe3 Kf6 33. Rb1
Ke5 34. Kf2 a5 35. bxa5 Rxa4 36. Rxb7 Rxa5 37. Rh7 Ra2+ 38. Kf3 Kd4 39. Rxh6
Kxc5 40. Rh1 Ra3 1/2-1/2

[Event "NB1 Maroczy csoport"]
[Site "Szeged"]
[Date "2024.11.03"]
[Round "1.3"]
[White "Deak, Sandor"]
[Black "Kelemen, David"]
[Result "1-0"]
[WhiteElo "2235"]
[BlackElo "2166"]
[PlyCount "85"]
[EventDate "2024.11.03"]
[EventType "team-tourn"]
[EventRounds "11"]
[EventCountry "HUN"]
[Source "chess.hu"]
[SourceDate "2024.11.04"]
[WhiteTeam "DEAC-Debr.Sakkiskola"]
[BlackTeam "Maroczy SE II."]
[WhiteTeamCountry "HUN"]
[BlackTeamCountry "HUN"]

1. e4 e5 2. Nf3 Nc6 3. d4 exd4 4. Nxd4 Nf6 5. Nc3 Nxe4 6. Nxe4 Qe7 7. Nb5 Qxe4+
8. Be2 Kd8 9. O-O a6 10. Bf3 Qg6 11. Nc3 h5 12. Bf4 d6 13. Re1 Be7 14. Nd5 Bg5
15. Qd2 Bxf4 16. Nxf4 Qh6 17. Bxc6 bxc6 18. Qe3 Be6 19. Nxe6+ fxe6 20. Qxe6
Qxe6 21. Rxe6 Re8 22. Rae1 Rxe6 23. Rxe6 Kd7 24. Rg6 Rg8 25. f4 Ke7 26. Rg5 h4
27. Rh5 Rb8 28. b3 Rb4 29. Rxh4 Rd4 30. Rh7 Kf6 31. Rh8 Rd1+ 32. Kf2 Rd2+ 33.
Kf3 Rxc2 34. g4 Rxa2 35. g5+ Kg6 36. h4 Rb2 37. h5+ Kf7 38. Rb8 c5 39. Rb7 Kf8
40. Rxc7 Rxb3+ 41. Kg4 Rb8 42. Kf5 Re8 43. Kg6 1-0

[Event "NB1 Maroczy csoport"]
[Site "Szeged"]
[Date "2024.11.03"]
[Round "1.4"]
[White "Koszta, Benedek"]
[Black "Tran, David"]
[Result "1/2-1/2"]
[WhiteElo "2096"]
[BlackElo "2197"]
[PlyCount "37"]
[EventDate "2024.11.03"]
[EventType "team-tourn"]
[EventRounds "11"]
[EventCountry "HUN"]
[Source "chess.hu"]
[SourceDate "2024.11.04"]
[WhiteTeam "Maroczy SE II."]
[BlackTeam "DEAC-Debr.Sakkiskola"]
[WhiteTeamCountry "HUN"]
[BlackTeamCountry "HUN"]

1. e4 e5 2. d4 d6 3. Nc3 Nf6 4. Nf3 Nbd7 5. Be2 Be7 6. O-O O-O 7. h3 c6 8. Be3
Re8 9. a4 Bf8 10. dxe5 dxe5 11. Bc4 Bb4 12. Qd3 Qe7 13. Ng5 Rf8 14. Na2 Bc5 15.
Bd2 h6 16. Nf3 Nb6 17. b4 Nxc4 18. Qxc4 Bd6 19. Qe2 1/2-1/2

[Event "NB1 Maroczy csoport"]
[Site "Szeged"]
[Date "2024.11.03"]
[Round "1.5"]
[White "Nagy, Sandor I"]
[Black "Toth, Daniel"]
[Result "1/2-1/2"]
[WhiteElo "2083"]
[BlackElo "2041"]
[PlyCount "49"]
[EventDate "2024.11.03"]
[EventType "team-tourn"]
[EventRounds "11"]
[EventCountry "HUN"]
[Source "chess.hu"]
[SourceDate "2024.11.04"]
[WhiteTeam "DEAC-Debr.Sakkiskola"]
[BlackTeam "Maroczy SE II."]
[WhiteTeamCountry "HUN"]
[BlackTeamCountry "HUN"]

1. e4 c5 2. Nf3 Nc6 3. d4 cxd4 4. Nxd4 Nf6 5. Nc3 e5 6. Ndb5 d6 7. Nd5 Nxd5 8.
exd5 Nb8 9. c4 Be7 10. Bd3 a6 11. Nc3 O-O 12. O-O f5 13. f3 a5 14. Be3 Nd7 15.
Bc2 Bg5 16. Bf2 b6 17. Ba4 Nc5 18. Bc6 Ra7 19. a3 Bf6 20. Nb5 Re7 21. b4 Na6
22. Rb1 axb4 23. axb4 g5 24. Qb3 Rg7 25. Qe3 1/2-1/2

[Event "NB1 Maroczy csoport"]
[Site "Szeged"]
[Date "2024.11.03"]
[Round "1.6"]
[White "Kevei, Peter"]
[Black "Mate, Balazs"]
[Result "0-1"]
[WhiteElo "2138"]
[BlackElo "2058"]
[PlyCount "130"]
[EventDate "2024.11.03"]
[EventType "team-tourn"]
[EventRounds "11"]
[EventCountry "HUN"]
[Source "chess.hu"]
[SourceDate "2024.11.04"]
[WhiteTeam "Maroczy SE II."]
[BlackTeam "DEAC-Debr.Sakkiskola"]
[WhiteTeamCountry "HUN"]
[BlackTeamCountry "HUN"]

1. e4 c5 2. Nf3 Nc6 3. d4 cxd4 4. Nxd4 Nf6 5. Nc3 g6 6. Be3 Bg7 7. Nxc6 bxc6 8.
e5 Ng8 9. f4 d6 10. Bc4 Nh6 11. exd6 exd6 12. Bd4 Qe7+ 13. Ne2 O-O 14. Bxg7
Kxg7 15. Qd4+ Kg8 16. Bd3 Re8 17. O-O c5 18. Qc3 Rb8 19. h3 Bf5 20. Ng3 Bxd3
21. cxd3 d5 22. Rac1 d4 23. Qxc5 Qxc5 24. Rxc5 Rxb2 25. Ne4 Re7 26. Rf2 Rb1+
27. Kh2 Rd1 28. Nd6 f5 29. Rb2 Rxd3 30. Rb8+ Kg7 31. Ne8+ Kf7 32. Nd6+ Ke6 33.
Nc4 Nf7 34. Rbc8 Rd7 35. Re8+ Kf6 36. Ne5 Nxe5 37. fxe5+ Kf7 38. Rh8 Kg7 39.
Rhc8 Re3 40. R8c7 Rf7 41. Rc8 Re7 42. Rd5 d3 43. Rc3 R7xe5 44. Rxe5 Rxe5 45.
Rxd3 Ra5 46. a3 Ra4 47. Kg3 Kf6 48. Kf3 h5 49. h4 Rxh4 50. Rd6+ Kg5 51. Ra6 Rc4
52. Rxa7 Rc3+ 53. Kf2 Kg4 54. a4 g5 55. Rb7 Rc4 56. a5 Ra4 57. Rb5 h4 58. Rc5
Ra3 59. Rb5 f4 60. Rc5 h3 61. gxh3+ Rxh3 62. Rb5 Rh2+ 63. Kg1 Ra2 64. Rc5 f3
65. Rb5 Kf4 0-1